00457nam a2200169Ia 450000500170000000800410001704000190005804100120007708200160008910000250010524500600013026000260019030000260021650400190024265000150026185000110027620240423095245.0131103s9999 xx 000 0 und d aLoreto College aEnglish a370.15bDER aDerville,Leonore M.T 4aThe Use of Psychology in TeachingcLeonore M.T.Derville aLondonbLongmanc1968 avi,154 p.b ill.,fig. aIncludes index aPsychology aLCBED